000 00566nam a2200193Ii 4500
003 JO-AjNU
008 230605s9999||||xx |||||||||||||| ||und||
040 _aJO-AjNU
_bara
_erda
_cJO-AjNU
041 _aara
050 1 4 _aT87.6.A8288 1985
100 3 _aالعطار، محمد صبري,
_eauthor
_939929
245 0 0 _aبحوث العمليات
264 3 1 _aد.م :د. ن ،1900
300 _a464ص
336 _atext
_btxt
_2rdacontent
337 _aunmediated
_bn
_2rdamedia
338 _avolume
_bnc
_2rdacarrier
650 4 _aبحوث العمليات
_939930
999 _aA16904
_c20472
_d20472